Building your mate's self-esteem / (Record no. 2604)

MARC details
000 -LEADER
fixed length control field 00979cam a2200277 a 4500
001 - CONTROL NUMBER
control field 988261
003 - CONTROL NUMBER IDENTIFIER
control field GBCCL
005 - DATE AND TIME OF LATEST TRANSACTION
control field 20241126110433.0
008 - FIXED-LENGTH DATA ELEMENTS--GENERAL INFORMATION
fixed length control field 860411s1986 cau 000 0 eng
010 ## -
-- 86009865
020 ## - INTERNATIONAL STANDARD BOOK NUMBER
International Standard Book Number 0830718133
Terms of availability $6.95
040 ## - CATALOGING SOURCE
Original cataloging agency DLC
Transcribing agency DLC
Modifying agency DLC
050 00 -
-- BV835
-- .R345 1986
082 00 - DEWEY DECIMAL CLASSIFICATION NUMBER
Classification number 248.844
Edition information 19
Item number RAI
100 1# - MAIN ENTRY--PERSONAL NAME
Personal name Rainey, Dennis,
Dates associated with a name 1948-
9 (RLIN) 5478
245 10 - TITLE STATEMENT
Title Building your mate's self-esteem /
Statement of responsibility, etc. by Dennis & Barbara Rainey ; [foreword by Howard & Jeanne Hendricks].
260 ## - PUBLICATION, DISTRIBUTION, ETC.
Place of publication, distribution, etc. San Bernardino, Calif. :
Name of publisher, distributor, etc. Here's Life Publishers,
Date of publication, distribution, etc. c1997.
300 ## - PHYSICAL DESCRIPTION
Extent 275 p. ;
Dimensions 21 cm.
504 ## - BIBLIOGRAPHY, ETC. NOTE
Bibliography, etc. note Bibliography: p. 251-254.
650 #0 - SUBJECT ADDED ENTRY--TOPICAL TERM
Topical term or geographic name entry element Marriage
General subdivision Religious aspects
-- Christianity.
9 (RLIN) 295
650 #0 - SUBJECT ADDED ENTRY--TOPICAL TERM
Topical term or geographic name entry element Self-esteem
General subdivision Religious aspects
-- Christianity.
9 (RLIN) 5479
650 #0 - SUBJECT ADDED ENTRY--TOPICAL TERM
Topical term or geographic name entry element Interpersonal relations
General subdivision Religious aspects
-- Christianity.
9 (RLIN) 400
700 1# - ADDED ENTRY--PERSONAL NAME
Personal name Rainey, Barbara.
9 (RLIN) 5480
906 ## - LOCAL DATA ELEMENT F, LDF (RLIN)
a 7
b cbc
c orignew
d 1
e ocip
f 19
g y-gencatlg
942 ## - ADDED ENTRY ELEMENTS (KOHA)
Source of classification or shelving scheme Dewey Decimal Classification
Koha item type Books
Holdings
Withdrawn status Lost status Source of classification or shelving scheme Damaged status Not for loan Home library Current Library Shelving location Date acquired Total checkouts Full call number Barcode Date last seen Copy number Price effective from Koha item type
    Dewey Decimal Classification     GRACE BIBLE COLLEGE GRACE BIBLE COLLEGE Ministry & Mission 2017-09-06   248.844 RAI 007816 2025-05-01 c.1 2017-09-06 Books
    Dewey Decimal Classification     GRACE BIBLE COLLEGE GRACE BIBLE COLLEGE Ministry & Mission 2017-09-18   248.844 RAI 007818 2025-05-01 c.2 2017-09-18 Books
    Dewey Decimal Classification     GRACE BIBLE COLLEGE GRACE BIBLE COLLEGE Ministry & Mission 2017-09-18   248.844 RAI 007819 2025-05-01 c.3 2017-09-18 Books
    Dewey Decimal Classification     GRACE BIBLE COLLEGE GRACE BIBLE COLLEGE Ministry & Mission 2017-09-18   248.844 RAI 007820 2025-05-01 c.4 2017-09-18 Books
    Dewey Decimal Classification     GRACE BIBLE COLLEGE GRACE BIBLE COLLEGE Ministry & Mission 2017-09-18   248.844 RAI 007821 2025-05-01 c.5 2017-09-18 Books
    Dewey Decimal Classification     GRACE BIBLE COLLEGE GRACE BIBLE COLLEGE Ministry & Mission 2017-09-18   248.844 RAI 007822 2025-05-01 c.6 2017-09-18 Books
    Dewey Decimal Classification     GRACE BIBLE COLLEGE GRACE BIBLE COLLEGE Ministry & Mission 2017-09-18   248.844 RAI 007824 2025-05-01 c.7 2017-09-18 Books
    Dewey Decimal Classification     GRACE BIBLE COLLEGE GRACE BIBLE COLLEGE Ministry & Mission 2017-09-18   248.844 RAI 007825 2025-05-01 c.8 2017-09-18 Books
    Dewey Decimal Classification     GRACE BIBLE COLLEGE GRACE BIBLE COLLEGE Ministry & Mission 2017-09-18   248.844 RAI 007827 2025-05-01 c.9 2017-09-18 Books
    Dewey Decimal Classification     GRACE BIBLE COLLEGE GRACE BIBLE COLLEGE Ministry & Mission 2017-09-18   248.844 RAI 007828 2025-05-01 c.10 2017-09-18 Books
    Dewey Decimal Classification     GRACE BIBLE COLLEGE GRACE BIBLE COLLEGE Ministry & Mission 2017-09-18   248.844 RAI 007829 2025-05-01 c.11 2017-09-18 Books
© Grace Bible College Library 2025